| 000 | 00794nam a22002535a 4500 | ||
|---|---|---|---|
| 005 | 20160323150455.0 | ||
| 008 | 160323s2008 maua frb 001 0 eng d | ||
| 020 | _a9780071278874 | ||
| 020 | _a0071278877 | ||
| 040 |
_aEG-ScBUE _beng _cEG-ScBUE _dEG-ScBUE |
||
| 082 | 0 | 4 |
_222 _a618.92 _bCAS |
| 245 | 0 | 0 |
_aCase files. _pMicrobiology / _cEugene C. Toy ... [et al.] |
| 250 | _a2nd ed., International ed. | ||
| 260 |
_aBoston : _bMcGraw Hill, _c2008. |
||
| 300 |
_axiv, 382 p. : _bill. ; _c24 cm. |
||
| 500 | _aIndex : p. [365]-382. | ||
| 504 | _aIncludes bibliographical references. | ||
| 650 |
_2BUEsh _aNervous system _xDiseases _939373 |
||
| 650 | 7 |
_912324 _aMedical microbiology. _2BUEsh |
|
| 651 | _2BUEsh | ||
| 653 |
_bPPhrm _cMarch2016 |
||
| 700 | 1 |
_936213 _aToy, Eugene C. |
|
| 942 | _2ddc | ||
| 999 |
_c21498 _d21470 |
||